Coastal wetlands protection and development
The main objective of the preparation was to compose an environmentally-sound investment project for IDA financing for the coastal zone of the Minh Hai, Soc Trang and Tra Vinh province in the Mekong Delta, Vietnam.
Guardat en:
| Autor corporatiu: | |
|---|---|
| Format: | Llibre |
| Idioma: | Undetermined |
| Publicat: |
Vietnam
World Bank
1996
|
| Matèries: | |
| Etiquetes: |
Afegir etiqueta
Sense etiquetes, Sigues el primer a etiquetar aquest registre!
|
| Thư viện lưu trữ: | Trung tâm Học liệu Trường Đại học Cần Thơ |
|---|
| LEADER | 00877nam a2200205Ia 4500 | ||
|---|---|---|---|
| 001 | CTU_143850 | ||
| 008 | 210402s9999 xx 000 0 und d | ||
| 082 | |a 577.69 | ||
| 082 | |b W927 | ||
| 110 | |a World Bank | ||
| 245 | 0 | |a Coastal wetlands protection and development | |
| 245 | 0 | |c World Bank | |
| 260 | |a Vietnam | ||
| 260 | |b World Bank | ||
| 260 | |c 1996 | ||
| 520 | |a The main objective of the preparation was to compose an environmentally-sound investment project for IDA financing for the coastal zone of the Minh Hai, Soc Trang and Tra Vinh province in the Mekong Delta, Vietnam. | ||
| 650 | |a Coasts,Wetlands,Đất ngập nước ven biển,Environmental protection | ||
| 650 | |z Southern Mekong Delta,Southern Mekong Delta,Phía Nam Đồng bằng sông Cửu Long | ||
| 904 | |i Năm | ||
| 980 | |a Trung tâm Học liệu Trường Đại học Cần Thơ | ||